000 00929nam a2200277Ia 4500
001 43887082
003 OCoLC
005 20240113185923.0
008 000419s1999 sp a j 000 1 spa d
020 _a8484180395 :
_c$19.95
020 _a9788484180395
040 _aCS1
_cCS1
_dPL#
_dJQJ
_dOCoLC
041 1 _aspa
_heng
100 0 _aTakamado no Miya Hisako,
_d1953-
240 1 0 _aLulie the iceberg.
_lSpanish.
245 1 0 _aLuli, el iceberg /
_csu alteza imperial la princesa Hisako de Takamado ; ilustrado por Warabe Aska ; [traduccion, Pilar Garriga].
250 _a1. ed.
260 _aBarcelona :
_bEditorial Zendrera Zariquiey,
_c1999.
300 _a41 p. :
_bcol. ill. ;
_c27 cm.
500 _aTranslation of: Lulie the iceberg.
650 0 _aIcebergs
_vJuvenile fiction.
650 7 _aIcebergs
_vNovela juvenil.
_2bidex.
653 _aLiteratura infantil inglesa
_aCuentos.
700 1 _aAska, Warabe
942 _cBK
999 _c27419
_d27419